La tipografía del siglo XX /

محفوظ في:
التفاصيل البيبلوغرافية
المؤلف الرئيسي: Blackwell, Lewis (autor)
التنسيق: كتاب
اللغة:الإسبانية
الموضوعات:
الوسوم: إضافة وسم
لا توجد وسوم, كن أول من يضع وسما على هذه التسجيلة!

MARC

LEADER 00000nam^a2200000^a^4500
001 000038965
005 20250521000000.0
009 20260310085526.394
020 |a 968-887-235-0 
037 |a Acervo ITESO - Biblioteca 
041 |a ESP 
082 |a 686. 224  |b BLA 
100 |a Blackwell, Lewis  |e (autor) 
245 1 3 |a La tipografía del siglo XX /  |c L. Blackwell ; tr. por Carlos Sáenz de Valicourt. 
264 |a México :  |b Gustavo Gili,  |c 1993 
300 |a 256 p. 
336 |a texto  |b txt  |2 rdacontenido 
337 |a sin mediación  |b n  |2 rdamedio 
338 |a volumen  |b nc  |2 rdasoporte 
500 |a Traducción de: 20th Century Type 
649 |a XX 
650 |a Diseño Tipográfico 
650 |a Composición Tipográfica 
650 |a Tipografía 
650 |a Diseño Editorial 
650 |a Diseño Gráfico 
650 |a Comunicación Visual 
910 |a Fondo General 
920 |a Impresos - Libros 
930 |a Reserva Especial 
905 |a 103 
901 |a 0389650100  |b IT1  |c REE  |i 038965  |u 20250521 
902 |a https://opac.biblio.iteso.mx/vufind/Record/000038965